000 01072pam a2200325 a 4500
001 16859921
003 PILC
005 20150805143957.0
008 110707s2011 stk b 001 0 eng
010 _a 2011431360
020 _a9780748625383 (hbk.)
020 _a0748625380 (hbk.)
020 _a9780748625390 (pbk.)
020 _a0748625399 (pbk.)
040 _aDLC
_cDLC
042 _apcc
043 _ae-uk---
050 0 0 _aPN 1995.65.G7
_b.P48 2011
082 0 4 _a363.310941
100 1 _aPetley, Julian.
245 1 0 _aFilm and video censorship in contemporary Britain /
_cJulian Petley.
260 _aEdinburgh :
_bEdinburgh University Press,
_c2011.
300 _avi, 232 pages ;
_c24 cm.
500 _aIncludes bibliographical references and index.
650 0 _aMotion pictures
_xCensorship
_zGreat Britain
_xHistory.
650 0 _aHome video systems
_xSocial aspects
_zGreat Britain.
906 _a7
_bcbc
_corigres
_d2
_encip
_f20
_gy-gencatlg
942 _2lcc
_cBK
_kFOR
999 _c288340
_d288340